<?xml version="1.0" encoding="UTF-8"?>
<collection xmlns="http://www.loc.gov/MARC21/slim">
 <record>
  <leader>03312nam a2200349 a 4500</leader>
  <controlfield tag="001">1/48569</controlfield>
  <controlfield tag="008">190402s20142009gr            00010 eng  </controlfield>
  <datafield tag="020" ind1=" " ind2=" ">
   <subfield code="a">9789602441176</subfield>
  </datafield>
  <datafield tag="035" ind1=" " ind2=" ">
   <subfield code="l">51566</subfield>
  </datafield>
  <datafield tag="040" ind1=" " ind2=" ">
   <subfield code="a">GR-PeUP</subfield>
  </datafield>
  <datafield tag="082" ind1="0" ind2="0">
   <subfield code="a">069 BLA</subfield>
  </datafield>
  <datafield tag="245" ind1="0" ind2="3">
   <subfield code="a">Το ελκυστικό μουσείο :</subfield>
   <subfield code="b">μουσεία και επισκέπτες /</subfield>
   <subfield code="c">Black Graham ; μετάφραση Σόνια Κωτίδου.</subfield>
  </datafield>
  <datafield tag="260" ind1="0" ind2=" ">
   <subfield code="a">Αθήνα :</subfield>
   <subfield code="b">Πολιτιστικό Ίδρυμα Ομίλου Πειραιώς,</subfield>
   <subfield code="c">c2009, 2014.</subfield>
  </datafield>
  <datafield tag="300" ind1=" " ind2=" ">
   <subfield code="a">356 σ. :</subfield>
   <subfield code="b">εικ., σχ. ;</subfield>
   <subfield code="c">24 εκ.</subfield>
  </datafield>
  <datafield tag="490" ind1="1" ind2=" ">
   <subfield code="a">Μουσειολογία ;</subfield>
  </datafield>
  <datafield tag="500" ind1=" " ind2=" ">
   <subfield code="a">Τίτλος πρωτοτύπου: The engaging museum : developing museums for visitor involvement.</subfield>
  </datafield>
  <datafield tag="504" ind1=" " ind2=" ">
   <subfield code="a">Βιβλιογραφία: σ. [337]-356.</subfield>
  </datafield>
  <datafield tag="505" ind1="0" ind2=" ">
   <subfield code="a">Πρόλογος -- Ευχαριστίες -- Εισαγωγή. Το μουσείο του 21ου αιώνα και οι απαιτήσεις του -- Μέρος Αʹ. Οι επισκέπτες του μουσείου: ο χαρακτήρας, οι ανάγκες και οι προσδοκίες τους: 1. Το «παραδοσιακό» κοινό των μουσείων: ποσοτική και ποιοτική ανάλυση 2. Διευρύνοντας το κοινό -- Μέρος Βʹ. Επιδιώκοντας την ποιότητα: 3. Δημιουργία κινήτρων για την επίσκεψη 4. Εξυπηρέτηση επισκεπτών: επιδιώκοντας την ποιότητα -- Μέρος Γʹ. Μαθαίνοντας στα μουσεία: 5. Μουσεία και δια βίου μάθηση 6. Αξιοποίηση των μουσείων από σχολεία -- Μέρος Δʹ. Προσελκύοντας το κοινό χρησιμοποιώντας την ερμηνεία για εκθέσεις και σχετικές υπηρεσίες: 7. Εφαρμόζοντας τις αρχές της ερμηνείας στα εκθέματα των μουσείων 8. Ερμηνευτικός σχεδιασμός 9. Ανάπτυξη σκεπτικού για τις αίθουσες των μουσείων 10. Το ελκυστικό μουσείο -- Βιβλιογραφία.</subfield>
  </datafield>
  <datafield tag="650" ind1=" " ind2="4">
   <subfield code="a">Μουσεία</subfield>
   <subfield code="x">Εκπαίδευτικές απόψεις.</subfield>
  </datafield>
  <datafield tag="650" ind1=" " ind2="4">
   <subfield code="a">Μουσεία</subfield>
   <subfield code="x">Συλλογές</subfield>
   <subfield code="x">Διοίκηση και οργάνωση.</subfield>
  </datafield>
  <datafield tag="650" ind1=" " ind2="4">
   <subfield code="a">Πολιτιστική κληρονομιά, Προστασία της.</subfield>
  </datafield>
  <datafield tag="650" ind1=" " ind2="4">
   <subfield code="a">Μουσειακά εκθέματα</subfield>
   <subfield code="x">Διαχείριση συλλογών</subfield>
   <subfield code="x">Ιστορία.</subfield>
  </datafield>
  <datafield tag="650" ind1=" " ind2="4">
   <subfield code="a">Museums</subfield>
   <subfield code="x">Educational aspects.</subfield>
  </datafield>
  <datafield tag="650" ind1=" " ind2="4">
   <subfield code="a">Museum visitors.</subfield>
  </datafield>
  <datafield tag="650" ind1=" " ind2="4">
   <subfield code="a">Επισκέπτες μουσείων.</subfield>
  </datafield>
  <datafield tag="650" ind1=" " ind2="4">
   <subfield code="a">Museums</subfield>
   <subfield code="x">Collection management.</subfield>
  </datafield>
  <datafield tag="650" ind1=" " ind2="4">
   <subfield code="a">Cultural property</subfield>
   <subfield code="x">Protection.</subfield>
  </datafield>
  <datafield tag="650" ind1=" " ind2="4">
   <subfield code="a">Art museums</subfield>
   <subfield code="x">Collection management</subfield>
   <subfield code="x">History.</subfield>
  </datafield>
  <datafield tag="700" ind1="1" ind2=" ">
   <subfield code="a">Κωτίδου, Σόνια.</subfield>
  </datafield>
  <datafield tag="830" ind1=" " ind2=" ">
   <subfield code="a">Μουσειολογία.</subfield>
  </datafield>
  <datafield tag="852" ind1=" " ind2=" ">
   <subfield code="a">INST</subfield>
   <subfield code="b">UNIPILB</subfield>
   <subfield code="c">MAIN</subfield>
   <subfield code="e">20190402</subfield>
   <subfield code="h">069 BLA</subfield>
   <subfield code="p">00174207</subfield>
   <subfield code="q">00174207</subfield>
   <subfield code="t">LOAN</subfield>
   <subfield code="y">4</subfield>
   <subfield code="x">20220618</subfield>
   <subfield code="4">2</subfield>
  </datafield>
  <datafield tag="852" ind1=" " ind2=" ">
   <subfield code="a">INST</subfield>
   <subfield code="b">UNIPILB</subfield>
   <subfield code="c">MAIN</subfield>
   <subfield code="e">20190402</subfield>
   <subfield code="h">069 BLA</subfield>
   <subfield code="p">00174208</subfield>
   <subfield code="q">00174208</subfield>
   <subfield code="t">LOAN</subfield>
   <subfield code="y">0</subfield>
   <subfield code="4">1</subfield>
  </datafield>
 </record>
</collection>
